Analisa program bagi kerajaan tempatan dan negeri

Bibliographic Details
Main Author: Hatry, Harry
Other Authors: Blair, Louis, Fisk, Donald, Kimmel, Wayne
Format: Book
Published: Kuala Lumpur : Dewan Bahasa dan Pustaka , 1984
Subjects:

MARC

LEADER 00000cam a2200000 7i4500
001 0000001272
005 20050505.0
040 |a INS 
090 0 0 |a HD30.28   |b A52 1984 
100 1 |a Hatry, Harry 
245 1 0 |a Analisa program bagi kerajaan tempatan dan negeri   |c Harry Hatry 
260 |a Kuala Lumpur :   |b Dewan Bahasa dan Pustaka ,   |c 1984 
300 |a 192 p. ;   |c 22 cm. 
650 0 0 |a Local government   |x state supervision 
700 1 |a Blair, Louis 
700 1 |a Fisk, Donald 
700 1 |a Kimmel, Wayne 
999 |a 0000002434   |b BOOK   |c Open Shelf   |e Default branch